LIBRARY & INFORMATION CENTRE, KCAET, TAVANUR

ONLINE PUBLIC ACCESS CATALOGUE (OPAC)

Fundamentals of track and field / (Record no. 4739)

MARC details
000 -LEADER
fixed length control field 00411cam a2200169ua 4500
003 - CONTROL NUMBER IDENTIFIER
control field OSt
008 - FIXED-LENGTH DATA ELEMENTS--GENERAL INFORMATION
fixed length control field 240323b |||||||| |||| 00| 0 eng d
020 ## - INTERNATIONAL STANDARD BOOK NUMBER
ISBN 81 85361 22 3
041 ## - LANGUAGE CODE
Language code of text/sound track or separate title eng
082 ## - DEWEY DECIMAL CLASSIFICATION NUMBER
Classification number 796.42
Item number CAR/FU
100 ## - MAIN ENTRY--AUTHOR NAME
Personal name Carr, Gerry A .
245 ## - TITLE STATEMENT
Title Fundamentals of track and field /
260 ## - PUBLICATION, DISTRIBUTION, ETC. (IMPRINT)
Place of publication :
Name of publisher Marine sports ,
Year of publication 1991.
300 ## - PHYSICAL DESCRIPTION
Number of Pages 222 p.
942 ## - ADDED ENTRY ELEMENTS (KOHA)
Koha item type Books
Holdings
Withdrawn status Lost status Damaged status Home library Current library Date acquired Full call number Accession Number Koha item type
      KAUAET KAUAET 07/04/2012 796.42 CAR/FU 19391 Books
free website counter